000 01890nab a2200241 i 4500
003 BR-BrBNA
005 20250528095948.0
008 250528b2018 bl.qr|pooa||| 00| 0 por |
040 _aBR-BrBNA
_bpor
072 _aF70
100 _aCoelho, Marcus A. Nadruz
245 _aFlora das cangas da Serra dos Carajás, Pará, Brasil: Araceae
500 _aPublicação on-line; 10 ref.; 4 illus.; Summaries (En, Pt)
520 _a Resumo Este estudo tem como objetivo o inventário das espécies de Araceae registradas para as cangas da Serra dos Carajás, no estado do Pará, apresentando descrição detalhada, ilustração e comentários morfológicos das espécies. São registradas 23 espécies de Araceae para a área de estudo, sendo oito para Philodendron, seis para Anthurium, duas para Dieffenbachia, Monstera e Spathiphyllum e uma para Heteropsis, Syngonium e Wolffia. Palavras-chave: FLONA Carajás, taxonomia, espécies ameaçadas, flora. Abstract This study aims to survey the species of Araceae registered for the canga of the Serra dos Carajás, in the state of Pará, with detailed description, illustration and morphologic comments on the species. Twenty three species of Araceae were registered for the study area, eight Philodendron, six Anthurium, two for Dieffenbachia, Monstera and Spathiphyllum and one for Heteropsis, Syngonium and Wolffia. Key words: FLONA Carajás, taxonomy, threatened species, flora.
650 _aCARAJÁS
650 _aPARÁ
650 _aTAXONOMIA
650 _aFLORA
773 0 _0709
_9350699
_dRio de Janeiro-RJ Jardim Botanico do Rio de Janeiro 1935
_o2025-3324
_tRodriguésia (Brazil)
_x0370-6583; 2175-7860 on-line
_gv. 69(1) p. 025-040; (2018)
_wBR2025001271
856 _uhttps://www.scielo.br/j/rod/a/pQ78FDcrNbvJyPvcMBKpnKz/?format=pdf&lang=pt
942 _cANA
999 _c331759
_d331759